<?xml version="1.0" encoding="UTF-8"?>
<record
    xmlns:xsi="http://www.w3.org/2001/XMLSchema-instance"
    xsi:schemaLocation="http://www.loc.gov/MARC21/slim http://www.loc.gov/standards/marcxml/schema/MARC21slim.xsd"
    xmlns="http://www.loc.gov/MARC21/slim">

  <leader>01206cam a22003494a 4500</leader>
  <controlfield tag="001">15549186</controlfield>
  <controlfield tag="003">OSt</controlfield>
  <controlfield tag="005">20150408114110.0</controlfield>
  <controlfield tag="008">081205s2010    paua     b    001 0 eng  </controlfield>
  <datafield tag="010" ind1=" " ind2=" ">
    <subfield code="a">  2008052929</subfield>
  </datafield>
  <datafield tag="016" ind1="7" ind2=" ">
    <subfield code="a">101490906</subfield>
    <subfield code="2">DNLM</subfield>
  </datafield>
  <datafield tag="020" ind1=" " ind2=" ">
    <subfield code="a">9780781790451 (alk. paper)</subfield>
  </datafield>
  <datafield tag="020" ind1=" " ind2=" ">
    <subfield code="a">078179045X (alk. paper)</subfield>
  </datafield>
  <datafield tag="035" ind1=" " ind2=" ">
    <subfield code="a">(OCoLC)ocn280354562</subfield>
  </datafield>
  <datafield tag="040" ind1=" " ind2=" ">
    <subfield code="a">Ma-Un</subfield>
  </datafield>
  <datafield tag="042" ind1=" " ind2=" ">
    <subfield code="a">pcc</subfield>
  </datafield>
  <datafield tag="050" ind1="0" ind2="0">
    <subfield code="a">RB40</subfield>
    <subfield code="b">.C576 2010</subfield>
  </datafield>
  <datafield tag="082" ind1="0" ind2="0">
    <subfield code="a">616.0756</subfield>
    <subfield code="2">22</subfield>
  </datafield>
  <datafield tag="245" ind1="0" ind2="0">
    <subfield code="a">Clinical chemistry :</subfield>
    <subfield code="b">techniques, principles, correlations /</subfield>
    <subfield code="c">[edited by] Michael L. Bishop, Edward P. Fody, Larry E. Schoeff.</subfield>
  </datafield>
  <datafield tag="250" ind1=" " ind2=" ">
    <subfield code="a">6th ed.</subfield>
  </datafield>
  <datafield tag="260" ind1=" " ind2=" ">
    <subfield code="a">Philadelphia :</subfield>
    <subfield code="b">Wolters Kluwer Health/Lippincott Williams &amp; Wilkins,</subfield>
    <subfield code="c">c2010.</subfield>
  </datafield>
  <datafield tag="300" ind1=" " ind2=" ">
    <subfield code="a">xx, 732 p. :</subfield>
    <subfield code="b">ill. ;</subfield>
    <subfield code="c">29 cm.</subfield>
  </datafield>
  <datafield tag="504" ind1=" " ind2=" ">
    <subfield code="a">Includes bibliographical references and index.</subfield>
  </datafield>
  <datafield tag="650" ind1=" " ind2="0">
    <subfield code="a">Clinical chemistry.</subfield>
  </datafield>
  <datafield tag="650" ind1="1" ind2="2">
    <subfield code="a">Chemistry, Clinical</subfield>
    <subfield code="x">methods.</subfield>
    <subfield code="9">13867</subfield>
  </datafield>
  <datafield tag="650" ind1="2" ind2="2">
    <subfield code="a">Clinical Chemistry Tests.</subfield>
    <subfield code="9">13868</subfield>
  </datafield>
  <datafield tag="700" ind1="1" ind2=" ">
    <subfield code="a">Bishop, Michael L.</subfield>
    <subfield code="9">19516</subfield>
  </datafield>
  <datafield tag="700" ind1="1" ind2=" ">
    <subfield code="a">Fody, Edward P.</subfield>
    <subfield code="9">19517</subfield>
  </datafield>
  <datafield tag="700" ind1="1" ind2=" ">
    <subfield code="a">Schoeff, Larry E.</subfield>
    <subfield code="9">19518</subfield>
  </datafield>
  <datafield tag="942" ind1=" " ind2=" ">
    <subfield code="2">ddc</subfield>
    <subfield code="c">BOOK</subfield>
  </datafield>
  <datafield tag="999" ind1=" " ind2=" ">
    <subfield code="c">26837</subfield>
    <subfield code="d">261337</subfield>
  </datafield>
  <datafield tag="952" ind1=" " ind2=" ">
    <subfield code="1">0</subfield>
    <subfield code="2">2013-03-10</subfield>
    <subfield code="4">0</subfield>
    <subfield code="7">0</subfield>
    <subfield code="a">616.0756 CLC</subfield>
    <subfield code="c">n1</subfield>
    <subfield code="d">2013-01-11</subfield>
    <subfield code="h">CL</subfield>
    <subfield code="i">00450165</subfield>
    <subfield code="m">CL</subfield>
    <subfield code="r">2013-03-10 00:00:00</subfield>
    <subfield code="t">BOOK</subfield>
    <subfield code="w">ddc</subfield>
    <subfield code="y">0</subfield>
  </datafield>
  <datafield tag="952" ind1=" " ind2=" ">
    <subfield code="1">0</subfield>
    <subfield code="2">2013-03-10</subfield>
    <subfield code="4">0</subfield>
    <subfield code="7">0</subfield>
    <subfield code="a">616.0756 CLC</subfield>
    <subfield code="c">n2</subfield>
    <subfield code="d">2013-01-11</subfield>
    <subfield code="h">CL</subfield>
    <subfield code="i">00450166</subfield>
    <subfield code="m">CL</subfield>
    <subfield code="r">2013-03-10 00:00:00</subfield>
    <subfield code="t">BOOK</subfield>
    <subfield code="w">ddc</subfield>
    <subfield code="y">0</subfield>
  </datafield>
  <datafield tag="952" ind1=" " ind2=" ">
    <subfield code="1">0</subfield>
    <subfield code="2">2013-03-10</subfield>
    <subfield code="4">0</subfield>
    <subfield code="7">0</subfield>
    <subfield code="a">616.0756 CLC</subfield>
    <subfield code="c">n3</subfield>
    <subfield code="d">2013-01-11</subfield>
    <subfield code="h">CL</subfield>
    <subfield code="i">00450164</subfield>
    <subfield code="m">CL</subfield>
    <subfield code="r">2013-03-10 00:00:00</subfield>
    <subfield code="t">BOOK</subfield>
    <subfield code="w">ddc</subfield>
    <subfield code="y">0</subfield>
  </datafield>
</record>
